Normal view MARC view

Entry Topical Term

Number of records used in: 1

001 - CONTROL NUMBER

  • control field: 58919

003 - CONTROL NUMBER IDENTIFIER

  • control field: OSt

005 - DATE AND TIME OF LATEST TRANSACTION

  • control field: 20260213142943.0

008 - FIXED-LENGTH DATA ELEMENTS

  • fixed length control field: 260213|| aca||aabn | a|a d

040 ## - CATALOGING SOURCE

  • Original cataloging agency: OSt
  • Transcribing agency: OSt

150 ## - HEADING--TOPICAL TERM

  • Topical term or geographic name entry element: Public Health, Hospitals, Modern Medicine, Mortality, Medical History, Health Care Institutions, Patient Survival, Medical Sociology, Health Systems, Institutional Development

670 ## - SOURCE DATA FOUND

  • Source citation: Work cat.: (OSt)527842: Hollingsworth, A. et al 58918, The gift of a lifetime: The hospital, modern medicine, and mortality

Powered by Koha